Dead by Daylight - All Survivors - Statistics

General Stats
  • This quiz has been taken 57 times
    10 since last reset
  • The average score is 23 of 51
Answer Stats
No. Survivor % Correct
03 Claudette Morel
100%
04 Jake Park
80%
02 Meg Thomas
80%
19 Steve Harrington
80%
12 Detective Tapp
60%
51 Dustin Henderson
60%
01 Dwight Fairfield
60%
09 Feng Min
60%
16 Jane Romero
60%
18 Nancy Wheeler
60%
05 Nea Karlsson
60%
11 Quentin Smith
60%
36 Renato Lyra
60%
07 Ace Visconti
40%
14 Adam Francis
40%
32 Ada Wong
40%
42 Aestri Yazar
40%
40 Alan Wake
40%
17 Ash Williams
40%
08 Bill Overbeck
40%
22 Cheryl Mason
40%
10 David King
40%
50 Eleven
40%
39 Ellen Ripley
40%
24 Élodie Rakoto
40%
23 Felix Richter
40%
37 Gabriel Soma
40%
31 Haddie Kaur
40%
15 Jeff Johansen
40%
26 Jill Valentine
40%
29 Jonah Vasquez
40%
13 Kate Denson
40%
43 Lara Croft
40%
06 Laurie Strode
40%
27 Leon S. Kennedy
40%
28 Mikaela Reid
40%
38 Nicolas Cage
40%
33 Rebecca Chambers
40%
41 Sable Ward
40%
45 Taurie Cain
40%
35 Thalita Lyra
40%
44 Trevor Belmont
40%
34 Vittorio Toscano
40%
30 Yoichi Asakawa
40%
20 Yui Kimura
40%
25 Yun-Jin Lee
40%
21 Zarina Kassir
40%
48 Michonne Grimes
20%
46 Orela Rose
20%
47 Rick Grimes
20%
49 Vee Boonyasak
20%
No matching quizzes found
Score Distribution
Percent of People with Each Score
Percentile by Number Answered
Your Score History
You have not taken this quiz since the last reset